Statistics for Objects by Picture - D

Click here to take the quiz!

General Stats

  • This quiz has been taken 168 times
  • The average score is 13 of 15

Answer Stats

Answer% Correct
Dice
97%
Deer
97%
Donut
96%
Dog
96%
Domino
96%
Duck
96%
Drum
93%
Desert / Dune
93%
Dolphin
91%
Diamond
90%
Dinosaur
88%
Date
85%
Dam
81%
Daffodil
71%
Dill
54%

Score Distribution

Percentile by Number Answered

Percent of People with Each Score

Your Score History

You have not taken this quiz